The agenda setting hypothesis in the new media environment (Record no. 189920)
[ view plain ]
| 000 -CABECERA | |
|---|---|
| campo de control de longitud fija | 01256nab a2200253 a 4500 |
| 005 - FECHA Y HORA DE LA ÚLTIMA TRANSACCIÓN | |
| campo de control | 20210219163158.0 |
| 008 - ELEMENTOS DE LONGITUD FIJA--INFORMACIÓN GENERAL | |
| campo de control de longitud fija | 991125s1985 mx 000 0 spa u |
| 035 ## - NÚMERO DE CONTROL DEL SISTEMA | |
| Número de control de sistema | UPN01000217820 |
| 049 ## - COLECCIÓN | |
| Colección | ART |
| 100 1# - ASIENTO PRINCIPAL--NOMBRE PERSONAL | |
| Nombre de persona | Aruguete, Natalia |
| 100 1# - ASIENTO PRINCIPAL--NOMBRE PERSONAL | |
| Filiación | nataliaaruguete@gmail.com |
| 222 #0 - TÍTULO CLAVE | |
| Título clave | COMUNICACION Y SOCIEDAD |
| 245 04 - MENCIÓN DE TÍTULO | |
| Título | The agenda setting hypothesis in the new media environment |
| 260 ## - PUBLICACIÓN, DISTRIBUCIÓN, ETC. | |
| Lugar de publicación, distribución, etc. | Zapopan, Jalisco |
| 300 ## - DESCRIPCIÓN FÍSICA | |
| Extensión | 35-58 |
| 362 0# - FECHAS DE PUBLICACIÓN Y/O DESIGNACIÓN SECUENCIAL | |
| Fecha de publicación y/o designación secuencial | 2017 Número 28, enero-abril |
| 520 3# - NOTA DE RESUMEN, ETC. | |
| Sumario, etc. | El objetivo de este trabajo es realizar una revisión de la literatura que discute premisas básicas de los estudios teóricos y empíricos realizados desde la teoría de la Agenda Setting y propone una “nueva frontera” en la relación entre los medios tradicionales de elite y los nuevos medios. Se procura explorar en qué medida la dinámica de circulación de información generada en los nuevos medios –fundamentalmente en los blogs y Twitter– está sesgando los límites existentes en los postulados tradicionales de esta perspectiva teórica |
| 653 0# - TERMINO DE INDIZACION - NO CONTROLADO | |
| Término no controlado | AGENDA SETTING |
| 653 0# - TERMINO DE INDIZACION - NO CONTROLADO | |
| Término no controlado | |
| 653 0# - TERMINO DE INDIZACION - NO CONTROLADO | |
| Término no controlado | WEBLOG |
| 653 0# - TERMINO DE INDIZACION - NO CONTROLADO | |
| Término no controlado | AGENDA MEDIATICA |
| 856 4# - LOCALIZACIÓN Y ACCESO ELECTRÓNICOS | |
| Identificador Uniforme del Recurso | <a href="http://www.redalyc.org/articulo.oa?id=34649149003">http://www.redalyc.org/articulo.oa?id=34649149003</a> |
| 905 ## - TIPO DE MATERIAL | |
| Tipo de material | Articulo |
No items available.
